| 000 | 00905cam a2200229 4500 | ||
|---|---|---|---|
| 001 | 281 | ||
| 005 | 20181127161107.0 | ||
| 008 | 951107s1996 maua bf 001 0deng | ||
| 010 | _a 95080798 | ||
| 020 | _a0312100752 (pbk.) | ||
| 020 | _a0312158572 | ||
| 043 | _ae-uk-en | ||
| 100 | 1 |
_aMcDonald, Russ, _d1949- |
|
| 245 | 1 | 4 |
_aThe Bedford companion to Shakespeare : _ban introduction with documents / _cRuss McDonald. |
| 260 |
_aBoston : _bBedford Books of St. Martin's Press, _cc1996. |
||
| 300 |
_axix, 373 p. : _bill. ; _c25 cm. |
||
| 504 | _aIncludes bibliographical references and index. | ||
| 600 | 1 | 0 |
_aShakespeare, William, _d1564-1616 _xExaminations _xStudy guides. |
| 600 | 1 | 0 |
_aShakespeare, William, _d1564-1616 _xHandbooks, manuals, etc. |
| 650 | 0 |
_aDramatists, English _yEarly modern, 1500-1700 _x _xHandbooks, manuals, etc. |
|
| 651 | 0 |
_aEngland _xCivilization _y16th century _xHandbooks, manuals, etc. |
|
| 999 |
_c249 _d249 |
||